徳島県の難読地名 30コ - Statistics

General Stats
  • This quiz has been taken 27 times
  • The average score is 4 of 30
Answer Stats
漢字 回答 % Correct
祖谷 いや
74%
麻植 おえ
70%
勝瑞 しょうずい
52%
安宅 あたけ
43%
鷲敷 わじき
35%
すもも
30%
簗ノ上 やなのうえ
17%
芝生 しぼう
17%
神宅 かんやけ
13%
小計 こばかり
13%
鬼籠野 おろの
13%
長生 ながいけ
9%
畭町 はりちょう
9%
吾橋 あはし
4%
走寄 はしりより
4%
拝宮 はいぎゅう
4%
剪宇 きりう
4%
川長 かわたけ
4%
芳崎 ほうざき
4%
三栗 みぐりゅう
0%
新開 しんばり
0%
早田 わさだ
0%
刷石 はけいし
0%
西沢 にっそ
0%
芥附 くぐつけ
0%
明神 あきのかみ
0%
田上 たねえ
0%
せせらぎ
0%
廿歩 にじゅうぶ
0%
工地 たくむじ
0%
No matching quizzes found
Score Distribution
Percent of People with Each Score
Percentile by Number Answered
Your Score History
You have not taken this quiz